[Event "Montreal Quebec U1900 op"]
[Site "Montreal"]
[Date "1990.08.06"]
[Round "3"]
[White "Quillinan, Henry"]
[Black "Coutu, Christian"]
[Result "0-1"]
[WhiteElo "1534"]
[BlackElo "1500"]
[PlyCount "54"]
[EventDate "1990.08.04"]
[EventType "swiss"]
[EventRounds "8"]
[EventCountry "CAN"]
[SourceTitle "EXT 2022"]
[Source "ChessBase"]
[SourceDate "2021.10.06"]
[SourceVersion "1"]
[SourceVersionDate "2021.10.06"]
[SourceQuality "1"]

1. e4 e5 2. Nf3 Nc6 3. Bb5 a6 4. Ba4 Nf6 5. 0-0 b5 6. Bb3 Bb7 7. Re1 Bc5 8. c3 d6 9. Bc2 Ng4 10. d4 Bb6 11. h3 Nf6 12. d5 Ne7 13. Bg5 h6 14. Bxf6 gxf6 15. Nh4 Qd7 16. Qf3 0-0-0 17. a4 Rdg8 18. axb5 axb5 19. Kh1 Rg5 20. Nd2 Rhg8 21. Nf1 Ng6 22. Nxg6 R8xg6 23. Ng3 Bxf2 24. Qxf2 Rxg3 25. Rg1 f5 26. Qxf5 Qxf5 27. exf5 Bxd5 0-1